Výroba ocelových konstrukcí /

Uložené v:
Podrobná bibliografia
Hlavný autor: Česnokov, A.S (Autor)
Médium: Kniha
Jazyk:Czech
Vydavateľské údaje: Praha : SNTL, 1953
Predmet:
Tagy: Pridať tag
Žiadne tagy, Buďte prvý, kto otaguje tento záznam!

MARC

LEADER 00000nam a22000003a 4500
001 stu35347
005 20150617225726.4
008 920415s1953----cs------------------cze-d
040 |a STU  |b slo 
041 0 |a cze 
044 |a cs 
080 |a 624.014.2 
100 1 |a Česnokov, A.S  |4 aut 
245 1 |a Výroba ocelových konstrukcí /  |c [aut.]A.S. Česnokov 
260 |a Praha :  |b SNTL,  |c 1953 
300 |a 326 s 
650 7 |a konštrukcie oceľové  |2 stusub 
650 7 |a výroba  |2 stusub 
996 |b 284M020154  |c M*3563-1  |l MMKN  |s A  |a 24  |w stu35347_0001